000
00283nam a2200109Ia 4500
008
230907s9999||||xx |||||||||||||| ||und||
082
_a
621.3822
_b
ALE
100
_a
Alexander, Winser E.,
_9
116066
245
0
_a
Digital signal processing :
300
_a
xxix, 604 pages :
942
_c
BK
999
_c
600938
_d
600938